Biblioteca

El regreso del peregrino : una apología alegórica del cristianismo, la razón y el romanticismo / C. S. Lewis (Registro nro. 43765)

Detalles MARC
000 -LÍDER
Campo fijo de descripción fija 007980000a22001690004500
020 ## - NÚMERO INTERNACIONAL NORMALIZADO PARA LIBROS
Número Internacional Normalizado del libro 978-958-42-1974-9 : 958-42-1974-X :
-- 1.200
082 04 - NÚMERO DE CLASIFICACIÓN DECIMAL DEWEY
Número de clasificación G 823 L6731r
001 - NÚMERO DE CONTROL
Campo de control 14949
100 1# - ASIENTO PRINCIPAL--NOMBRE PERSONAL
Nombre personal Lewis, C. S. (Clive Staples) (1898-1963)
245 10 - TÍTULO
Título del Material El regreso del peregrino : una apología alegórica del cristianismo, la razón y el romanticismo / C. S. Lewis
260 ## - PUBLICACIÓN, DISTRIBUCIÓN, ETC. (PIE DE IMPRENTA)
Lugar de publicación, distribución, etc. Barcelona : Planeta
300 ## - DESCRIPCIÓN FÍSICA
Extensión 325 p.
500 ## - NOTA GENERAL
Nota General Título original: The Pilgrim's Regress \ Del autor de Las Crónicas de Narnia
505 00 - NOTA DE CONTENIDO
Nota de contenido con formato preestablecido Los datos - Emoción - De vuelta al camino - El gran cañón - Hacia el norte siguiendo el cañón- Hacia el sur siguiendo el Cañón - Acorralado - A través del Cañón - El regreso
650 14 - ASIENTO SECUNDARIO DE MATERIA - TERMINO TEMÁTICO
Término temático o nombre geográfico como elemento de entrada APOLOGETICA \ CRISTIANISMO - ALEGORIAS \ RAZON \ ROMANTICISMO
942 ## - TIPO DE MATERIAL (KOHA)
Tipo de Item KOHA Libros General
Existencias
Estado de Material Estado de Perdido Estado de Dañado No para Préstamo Colección Tomo Biblioteca de Origen Biblioteca Permanente Fecha de Adquisición Total de Préstamos Total de Renovaciones Signatura Topográfica Código de Barras Última vez visto Última vez Préstado Ejemplar/Existencia Fecha de Remplazo Tipo de Material
        Colección General   Biblioteca FUSBC Biblioteca FUSBC 30/11/2009 8 8 G 823 L6731r 17079 13/11/2025 11/11/2025 1 26/01/2016 Libros General

Biblioteca FUSBC | Teléfono: (57+4) 349 88 10 Ext. 141| WhatsApp (+57) 3005338115 
E-mail: biblioteca@unisbc.edu.co | Calle 76 87-14 Robledo Palenque, Medellín, Colombia

Con tecnología Koha